| 000 | 00546nam a22001577a 4500 | ||
|---|---|---|---|
| 003 | macl | ||
| 005 | 20200617131041.0 | ||
| 008 | 200617b xxu||||| |||| 00| 0 eng d | ||
| 040 | _cmacl | ||
| 082 | _a910 | ||
| 100 |
_aतिवारी,विवेकानन्द _978716 |
||
| 245 | _aसनातन- समागम महाकुम्भ | ||
| 260 |
_aदिल्ली _bसस्ता साहित्य मण्डल प्रकाशन _c2019 |
||
| 650 |
_aयात्रा _978717 |
||
| 942 |
_2ddc _cHIN |
||
| 999 |
_c62468 _d62468 |
||